Klasyka polskiego filmu XX w. - reżyserzy - Statystyki

Ogólne statystyki
  • Ten quiz został rozwiązany 26 razy
  • Średni wynik to 12 z 15
Statystyki odpowiedzi
Zagadnienie Odpowiedź % Poprawnych
"Człowiek z marmuru" 1977 Andrzej Wajda
96%
"Potop" 1974 Jerzy Hoffman
96%
"Seksmisja" 1984 Juliusz Machulski
96%
"Miś" 1980 Stanisław Bareja
96%
"Europa Europa" 1990 Agnieszka Holland
92%
"Popiół i diament" 1958 Andrzej Wajda
92%
"Krótki film o zabijaniu" 1987 Krzysztof Kieślowski
83%
"Rękopis znaleziony w Saragossie" 1965 Wojciech Jerzy Has
83%
"Nóż w wodzie" 1962 Roman Polański
75%
"Faraon" 1965 Jerzy Kawalerowicz
71%
"Zezowate szczęście" 1960 Andrzej Munk
67%
"Wodzirej" 1977 Feliks Falk
67%
"Rejs" 1970 Marek Piwowski
67%
"Amator" 1979 Krzysztof Kieślowski
58%
"Barwy ochronne" 1977 Krzysztof Zanussi
54%
Nie znaleziono quizów pasujących do podanych kryteriów
Rozkład punktacji
Procent ludzi z każdym wynikiem
Percentyl według liczby udzielonych odpowiedzi
Twoja historia wyników
Nie rozwiązałeś tego quizu